000 00383nam a2200145Ia 4500
008 240126s9999 xx 000 0 und d
022 _a2231-6043
041 _aEnglish
245 0 _aNitte Management Review
260 _bJustice K S Hegde Institute of Management
_aNitte
440 _aNULL
650 _aManagement
650 _aNitte,Management,Review,Management
942 _cJN
999 _c272093
_d272093